00949cam a2200241 a 45000010008000000030004000080050017000120080041000290100017000700400018000870500017001050820024001221000022001462450061001682500026002292600039002553000021002945050229003156500037005446500028005816500025006098560073006342623449OSt20210303155945.0980629s1997 scu 000 0 eng  a 98165311  aDLCcDLCdDLC00aBP169bM834I00a297.2/72221bM834I1 aMordecai, Victor.10aIs fanatic Islam a global threat? /cby Victor Mordecai. aRev. and expanded ed. aTaylors, SC :bV. Mordecai,c1997. a276 p. ;c21 cm.8 aMachine generated contents note: 1 From Old Labour to New Labour -- 2 The New Economics -- 3 Welfare and Social Policy -- 4 Government and the Constitution -- 5 Post-Thatcherism -- 6 Beyond Left and Right? -- Notes -- Index. 0aIslamxControversial literature. 0aIslamic fundamentalism. 0aIslamy20th century.413Table of contentsuhttp://www.loc.gov/catdir/toc/fy022/98165311.html